LIBRARY & INFORMATION CENTRE, KCAET, TAVANUR

ONLINE PUBLIC ACCESS CATALOGUE (OPAC)

Normal view MARC view
  • Riyola P George

Entry Personal Name

Number of records used in: 1

001 - CONTROL NUMBER

  • control field: 4908

003 - CONTROL NUMBER IDENTIFIER

  • control field: OSt

005 - DATE AND TIME OF LATEST TRANSACTION

  • control field: 20210204115348.0

008 - FIXED-LENGTH DATA ELEMENTS

  • fixed length control field: 210204|| aca||aabn | a|a d

040 ## - CATALOGING SOURCE

  • Original cataloging agency: OSt
  • Transcribing agency: OSt

100 ## - HEADING--PERSONAL NAME

  • Personal name: Riyola P George

670 ## - SOURCE DATA FOUND

  • Source citation: Work cat.: (OSt): Riyola P George, Flood frequency analysis and modelling of flood using HEC-HMS for a river basin - A case study, 2020
free website counter